| 000 | 01029nam a2200253Ia 4500 | ||
|---|---|---|---|
| 003 | Ost | ||
| 005 | 20260507075734.0 | ||
| 008 | 260507s9999||||xx |||||||||||||| ||und|| | ||
| 020 | _a977208661x | ||
| 040 | _cfsecg | ||
| 041 | _aara | ||
| 082 | _a330 | ||
| 100 |
_aأمين، سمير _eمؤلف |
||
| 245 | 0 |
_aالإشتراكية واقتصاد السوق : _bتجارب(الصين-فيتنام-كوبا) / _c سمير أمين |
|
| 260 |
_aالقاهرة: _bمكتبة مدبولي, _c2003 |
||
| 300 |
_a203 صفحة؛ _c24 سم |
||
| 520 | _aالصين،النظرية والتطبيق في مشروع"اشتراكية السوق في الصين"،في الفيتنام،كوبا،كوبا في سيق الإقتصاد العالمي | ||
| 653 | _aاالاشتراكية-الفيتنام | ||
| 653 | _aالاشتراكية كوبا | ||
| 653 | _aالاشتراكية-الصين | ||
| 653 | _aلاقتصاد الدولي | ||
| 700 |
_aأوزفالدو، مارتينيز _eمؤلف ثانوي |
||
| 942 | _cكتاب | ||
| 999 |
_c46065 _d46065 |
||